Take Care Tracklist (Drake) - Statistics

General Stats
  • This quiz has been taken 279 times
  • The average score is 13 of 19
Answer Stats
Hint Answer % Correct
5 (ft Rihanna) Take Care
95%
3 Headlines
87%
4 (ft The Weeknd) Crew Love
85%
1 Over My Dead Body
84%
6 Marvins Room
79%
19 (ft Lil Wayne) The Motto
79%
2 Shot For Me
78%
16 (ft Lil Wayne) HYFR
71%
11 (ft Rick Ross) Lord Knows
69%
17 Practice
67%
18 The Ride
67%
7 (ft Kendrick Lamar) Buried Alive Interlude
66%
15 Look What You've Done
65%
12 Cameras / Good Ones Go Interlude
63%
14 (ft Lil Wayne, Andre 3000) The Real Her
62%
8 Under Ground Kings
61%
10 (ft Nicki Minaj) Make Me Proud
56%
13 Doing It Wrong
50%
9 (ft Birdman) We'll Be Fine
46%
No matching quizzes found
Score Distribution
Percent of People with Each Score
Percentile by Number Answered
Your Score History
You have not taken this quiz